Missing Word: 1978 Rock Albums Quiz Stats

 Plays Quiz Updated Jul 13, 2020

Support Sporcle.
Go Orange.
Score 0/20 Timer 01:30
0 Plays Today
Hint Answer % Correct
The Cars (The Cars)Best
87.5%
The Cars (The Cars)Good
82.2%
Parallel Lines (Blondie)Another
81.1%
Van Halen (Van Halen)Devil
78.8%
Van Halen (Van Halen)Really
74.1%
Parallel Lines (Blondie)Glass
72.4%
The Cars (The Cars)Needed
68.8%
Van Halen (Van Halen)Love
56.3%
Van Halen (Van Halen)Cream
55.5%
Van Halen (Van Halen)Cryin'
44%
Hint Answer % Correct
Darkness On the Edge of Town (Bruce Springsteen)Promised
35%
Darkness On the Edge of Town (Bruce Springsteen)Cain
31.5%
Parallel Lines (Blondie)Telephone
31.2%
The Cars (The Cars)Stereo
27.6%
Darkness On the Edge of Town (Bruce Springsteen)Street
24.2%
Darkness On the Edge of Town (Bruce Springsteen)Prove
22.9%
Parallel Lines (Blondie)Picture
16.2%
Parallel Lines (Blondie)Sunday
14.5%
The Cars (The Cars)Mixed
13.6%
Darkness On the Edge of Town (Bruce Springsteen)Something
7.4%

Today's Daily Dose

Quick Pick
Nissan Models

Get the Picture
Amazing Trees

You're not logged in!

Compare scores with friends on all Sporcle quizzes.
OR
Log In
Forgot?

From the Vault

Black the Block: Holiday

by jrage2009

Holiday 8m
Nothing says "happy holidays" like total darkness.
Remove Ads.
Support Sporcle.
Get the best of Sporcle when you Go Orange. This ad-free experience offers more features, more stats, and more fun while also helping to support Sporcle. Thank you for becoming a member.

Show Comments

Extras

Top Quizzes Today


Score Distribution

Your Account Isn't Verified!

In order to create a playlist on Sporcle, you need to verify the email address you used during registration. Go to your Sporcle Settings to finish the process.

Report this User

Report this user for behavior that violates our Community Guidelines.

Details: